000 00680nam a22002417a 4500
003 LC
005 20160315140800.0
008 121115t xxu||||| |||| 00| 0 eng d
020 _a9780753818923
050 _aPS 3573
_b.W177 1992
082 _aFIC
_bW15c 1983
100 _aWalker, Alice
_920641
245 _aThe color purple /
_cAlice Walker.
260 _aGreat Britain :
_bPhoenix,
_c1983.
300 _a262 p. ;
_c20 cm.
521 _aGrade 8
650 _aFiction
_9746
650 _a African American women -- Fiction.
650 _aAdult child sexual abuse victims -- Fiction.
650 _aSouthern States -- Fiction.
942 _2lcc
_cBK
999 _c11567
_d11567